Katalog zemědělských mechanizačních prostředků 1

Na minha lista:
Detalhes bibliográficos
Autor principal: Víšek, Bedřich
Formato: Livro
Idioma:tcheco
Publicado em: Praha Státní zemědělské nakladatelství 1982
Edição:2. dopln. vyd.
Colecção:Mechanizace, výstavba a meliorace
Tags: Adicionar Tag
Sem tags, seja o primeiro a adicionar uma tag!

MARC

LEADER 00000nam a2200000 4500
001 c126417
005 20221207074727.1
041 0 |a cze 
044 |a CZ 
245 1 0 |a Katalog zemědělských mechanizačních prostředků 1  |c Bedřich Víšek 
250 |a 2. dopln. vyd. 
264 1 |a Praha  |b Státní zemědělské nakladatelství  |c 1982 
300 |a 560 s. 
490 1 |a Mechanizace, výstavba a meliorace 
830 0 |a Mechanizace, výstavba a meliorace 
100 1 |a Víšek, Bedřich